| 000 | 01357nam a2200337Ia 4500 | ||
|---|---|---|---|
| 003 | CO-BoRNBP | ||
| 005 | 20250605103502.0 | ||
| 007 | ta | ||
| 008 | 180109s9999 xx 000 0 und d | ||
| 020 | _a9788427223752\8427223757 | ||
| 040 |
_aCO-BoRNBP _bspa _erda _cCO-BoRNBP |
||
| 041 | _aspa | ||
| 082 | 0 | _aR 595.7 M68m | |
| 100 | 1 |
_aMound, Laurence, _959727 |
|
| 245 | 1 | 0 |
_a1.001 datos sobre insectos / _cpor Laurence Mound y Steve Brooks ; traducción Juan Salvador |
| 250 | _a1a. edición | ||
| 264 | 1 |
_aBarcelona : _bEditorial Molino;2003 |
|
| 300 |
_a160 páginas : _bilustraciones, fotografías en color ; _c17 cm |
||
| 336 |
_atexto _btxt _2rdacontent |
||
| 337 |
_asin mediación _bn _2rdamedia |
||
| 338 |
_avolumen _bnc _2rdacarrier |
||
| 490 | 0 | _aSuperenciclopedia de bolsillo ; 5 | |
| 500 | _aIncluye glosario e índice de nombres en latín. | ||
| 505 | 0 | _aIntroducción a los insectos Bosques templados Prados y páramos Lagos y ríos Selvas tropicales Desiertos, cuevas y suelos Ciudades y jardines. | |
| 650 | 0 | 4 |
_aInsectos Domesticos - Enciclopedias _2LEMB _959728 |
| 650 | 0 | 4 |
_aAntropodos - Enciclopedias _2LEMB _959729 |
| 650 | 0 | 4 |
_aInsectos - Enciclopedias _2LEMB _959730 |
| 650 | 0 | 4 |
_aInsectos Acuaticos - Enciclopedias _2LEMB _959731 |
| 700 | 1 |
_aBrooks, Steve, autor \ Salvador, Juan, traductor _959732 |
|
| 942 |
_2ddc _cBK |
||
| 999 |
_c57175 _d57175 |
||